Транспортный бизнес и логистика: актуальные аспекты развития (Запись № 11405474)

Подробности
000 -МАРКЕР
контрольное поле 02784nam0a2200409 4500
001 - ИДЕНТИФИКАТОР ЗАПИСИ
контрольное поле RU\NLR\BIBL_A\012317787
005 - ИДЕНТИФИКАТОР ВЕРСИИ
контрольное поле 20200901165112.0
010 ## - МЕЖДУНАРОДНЫЙ СТАНДАРТНЫЙ НОМЕР КНИГИ (ISBN)
Номер (ISBN) 978-5-7883-1463-1
Тираж 33
021 ## - НОМЕР ГОСУДАРСТВЕННОЙ РЕГИСТРАЦИИ
Код страны Российская Федерация
Номер КН-П-20-021381
Номер Листа государственной регистраци КН-П-20-1667
021 ## - НОМЕР ГОСУДАРСТВЕННОЙ РЕГИСТРАЦИИ
Код страны Российская Федерация
Номер КН-П-20-021381
Номер Листа государственной регистраци КН-П-20-2459
035 ## - ДРУГИЕ СИСТЕМНЫЕ НОМЕРА
Идентификатор записи (NLR Aleph) 012317787
035 ## - ДРУГИЕ СИСТЕМНЫЕ НОМЕРА
Идентификатор записи (RuMoRGB)010323230
100 ## - ДАННЫЕ ОБЩЕЙ ОБРАБОТКИ
Данные общей обработки 20200819d2020 k y0rusy50 ca
101 0# - ЯЗЫК РЕСУРСА
Язык текста, звукозаписи и т.д. русский
102 ## - СТРАНА ПУБЛИКАЦИИ ИЛИ ПРОИЗВОДСТВА
Страна публикации Российская Федерация
105 ## - ПОЛЕ КОДИРОВАННЫХ ДАННЫХ: ТЕКСТОВЫЕ МАТЕРИАЛЫ, МОНОГРАФИЧЕСКИЕ
Кодированные данные о монографическом текстовом документе a|||z|||100zy
181 #0 - ПОЛЕ КОДИРОВАННЫХ ДАННЫХ: ВИД СОДЕРЖАНИЯ
Код вида содержания (ISBD) i
Код характеристики содержания (ISBD) axxe
182 #0 - ПОЛЕ КОДИРОВАННЫХ ДАННЫХ: ТИП СРЕДСТВА
Код типа средства (ISBD) n - непосредственное
200 1# - ЗАГЛАВИЕ И СВЕДЕНИЯ ОБ ОТВЕТСТВЕННОСТИ
Основное заглавие Транспортный бизнес и логистика: актуальные аспекты развития
Сведения, относящиеся к заглавию сборник тезисов I Всероссийской научно-практической конференции, 17-19 февраля 2020 г.
Первые сведения об ответственности Министерство науки и высшего образования Российской Федерации, Федеральное государственное автономное образовательное учреждение высшего образования "Самарский национальный исследовательский университет имени академика С.П. Королева" (Самарский университет)
Последующие сведения об ответственности [отверственный редактор: к.т.н., доц. Тихонов А.Н.]
203 ## - ВИД СОДЕРЖАНИЯ И ТИП СРЕДСТВА
Вид содержания Текст
Дополнительные сведения об издании визуальный
Тип средства непосредственный
210 ## - ПУБЛИКАЦИЯ, РАСПРОСТРАНЕНИЕ И ДР.
Место издания, распространения и т.д. Самара
Имя издателя, распространителя и т. д. Изд-во Самарского университета
Дата издания, распространения и т.д. 2020
215 ## - ФИЗИЧЕСКАЯ ХАРАКТЕРИСТИКА
Специфическое обозначение материала и объем 167 с.
Другие сведения о физической характеристике ил., табл.
Размеры 21
320 ## - ПРИМЕЧАНИЯ О НАЛИЧИИ В ДОКУМЕНТЕ БИБЛИОГРАФИИ / УКАЗАТЕЛЯ
Текст примечания Библиогр. в конце ст.
606 1# - НАИМЕНОВАНИЕ ТЕМЫ КАК ПРЕДМЕТ
Наименование темы Транспорт
Тематический подзаголовок Предпринимательство
Формальный подзаголовок Съезды, совещания и т.п
Код системы nlr_sh2
Идентификатор авторитетной/нормативной записи RU\NLR\AUTH\661448341
606 1# - НАИМЕНОВАНИЕ ТЕМЫ КАК ПРЕДМЕТ
Наименование темы Логистика транспортная
Формальный подзаголовок Съезды, совещания и т.п
Код системы nlr_sh1
-- nlr_sh2
Идентификатор авторитетной/нормативной записи RU\NLR\AUTH\661267542
686 1# - ИНДЕКСЫ ДРУГИХ КЛАССИФИКАЦИЙ
Индекс У37(2)-13я431
686 1# - ИНДЕКСЫ ДРУГИХ КЛАССИФИКАЦИЙ
Индекс У37(2)-59в611я431
702 #1 - ИМЯ ЛИЦА - ВТОРИЧНАЯ ОТВЕТСТВЕННОСТЬ
Начальный элемент ввода Тихонов
Часть имени, кроме начального элемента ввода А. Н.
Дополнения к именам, кроме дат канд. техн. наук
Расширение инициалов личного имени Алексей Николаевич
Идентификатор авторитетной/нормативной записи RU\NLR\AUTH\770204521
Код отношения Редактор
711 12 - НАИМЕНОВАНИЕ ОРГАНИЗАЦИИ - АЛЬТЕРНАТИВНАЯ ОТВЕТСТВЕННОСТЬ
Начальный элемент ввода "Транспортный бизнес и логистика: актуальные аспекты развития", всероссийская научно-практическая конференция
Порядковый номер временной организации и / или порядковый номер ее части 1
Дата проведения временной организации 2020
Место проведения временной организации Самара
Идентификатор авторитетной/нормативной записи RU\NLR\AUTH\880524919
712 02 - НАИМЕНОВАНИЕ ОРГАНИЗАЦИИ - ВТОРИЧНАЯ ОТВЕТСТВЕННОСТЬ
Начальный элемент ввода Самарский национальный исследовательский университет им. С. П. Королева
Идентификатор авторитетной/нормативной записи RU\NLR\AUTH\880430228
Код отношения Издающая организация
942 ## - ДОПОЛНИТЕЛЬНЫЕ ЭЛЕМЕНТЫ ЗАПИСИ (АБИС)
Тип экземпляра АБИС Книга
980 ## - КОЛЛЕКЦИЯ
Название коллекции НБР
980 ## - КОЛЛЕКЦИЯ
Название коллекции Национальная библиография

Нет доступных экземпляров.